| 000 | 00374nam a2200133Ia 4500 | ||
|---|---|---|---|
| 999 |
_c13144 _d13144 |
||
| 082 | _aRP.0196 | ||
| 100 | _aPanchamukhi, P.R. | ||
| 245 | 0 | _aEconomics of education in India : A thematic review | |
| 260 | _c1991 | ||
| 300 | _a72 | ||
| 650 | _aEDUCATION - ECONOMIC ASPECTS - INDIA | ||
| 710 | _aCentre for Multi-Disciplinary Development Research, Dharwad | ||
| 942 |
_cRP _2ddc |
||